000
00439nam a2200169Ia 4500
008
090711s9999 xx 000 0 und d
082
_b
58797
100
_a
कुसुमाग्रज
245
_a
मेघदूत
260
_c
1977
300
_a
68
600
_a
कुसुमाग्रज
630
_a
मेघदूत
700
_a
कुसुमाग्रज
730
_a
मेघदूत
942
_c
BOOK
999
_c
291255
_d
291255